MDQL
is popping MORE tags! Check the
thread
!
Quizzes
Events
Quiz Creation
Community
Videos
Private Events
Remove Ads
Sign In
Join for FREE
Feedback
Dark Mode
Quiz Categories
Sports
Geography
Music
Movies
Television
Just For Fun
Miscellaneous
History
Literature
Language
Science
Gaming
Entertainment
Religion
Holiday
For Kids
Quiz Lab
Recent
Popular Today
Quiz Kudos Today
Editor Picks
Curator Picks
Quizzes by...
Day
Popularity
Type
Ratings
Length
Year
Community
Subscriptions
Recent Discussions
Orange Saloon
Badges
Playlists
Quests
Create
Leaderboards
Showdown
Live 5
Trivia Bingo
Activity
Puzzle Library
Sporcle Events
Private Events
Virtual Trivia
Globe League
Become a Host
Pub Owners
SporcleCon
Opinionation
Our Games
Videos
Blog
Mobile Apps
Partnerships
Remove Ads and Go Orange
Feedback
History
US Presidents
World Leaders
Politics
Nation
Discovery
War
Decade
Year
Century
Biography
Art
History
US Presidents
World Leaders
Politics
Nation
Discovery
War
Decade
Year
Century
Biography
Art
Random Quiz
Search Sporcle
×
Quiz Lab
Quiz Lab
History
US Presidents
Type in answers that appear in a list
Type in answers that appear in a list
Classic
Best Score? Go Orange.
Secretary of Health and Human Services Stats
Can you name the Secretaries of HHS?
By
sassorobe
6m
24 Questions
123 Plays
123 Plays
123 Plays
Comments
Comments
Give Quiz Kudos
Give Quiz Kudos
-
- Ratings
hide this ad
Replay
Link that replays current quiz
Next Quiz
Link to next quiz in quiz playlist
You Got
0%
They Got
Avg Score
60%
Avg Friend Score
Upgrade to see
Score Distribution
Jump to the score distribution portion of the page
Score
0/24
Timer
06:00
0
Plays Today
Years
Secretary
% Correct
2009-
14
Kathleen Sebelius
92.7%
2017
Tom Price
92.7%
2017-
Alex Azar
91.7%
2014-
17
Sylvia Mathews Burwell
88.6%
1993-
01
Donna Shalala
82.1%
1970-
73
Elliot L. Richardson
77.2%
1953-
55
Oveta Culp Hobby
74%
1989-
93
Louis W. Sullivan
72.4%
2001-
05
Tommy G. Thompson
72.4%
1979-
81
Patricia Roberts Harris
71.5%
2005-
09
Michael O. Leavitt
71.5%
1983-
85
Margaret M. Heckler
69.1%
Years
Secretary
% Correct
1961-
62
Abraham A. Ribicoff
68.3%
1985-
89
Otis R. Bowen
66.7%
1973-
75
Caspar W. Weinberger
65.9%
1981-
83
Richard S. Schweiker
62.6%
1977-
79
Joseph A. Califano, Jr.
52.8%
1962-
65
Anthony J. Celebrezze
47.2%
1969-
70
Robert H. Finch
27.6%
1958-
61
Arthur S. Flemming
26.8%
1968-
69
Wilbur J. Cohen
26.8%
1955-
58
Marion B. Folsom
26%
1975-
77
F. David Mathews
24.4%
1965-
68
John W. Gardner
23.6%
Quiz Playlist
Details
Report
Send in Message
Add To Playlist
Classic:
Type in answers that appear in a list
Last Updated: May 24, 2018
Quiz Scoreboard
CHALLENGE
Sign Up to Join the Scoreboard
Show All
Scores
Hide
Comments
May contain spoilers
Recently Published
Image Sorting: Flags VI
by Barbecue
Geography
2m
Find the 'City' Movie
by crazypaving
Movies
60s
Colored Red Africa Blitz
by spor1
Geography
45s
More to Explore
Quiz From the Vault
Featured Blog Post
14 Easter Pick-up Lines to Find Eggs With
hide this ad
You Might Also Like...
Tags
Politics Quiz
US Presidents Quiz
US History
US Political
Today's Top Quizzes in History
Browse History
hide this ad
Today's Top Quizzes in US Presidents
Browse US Presidents
Top Contributed Quizzes in History
1
I Am Born On March 29th
2
Order Up: 1000 Years of World Events I
3
US National Parks Named After People
4
Popular People in 1951
5
Popular People in 1991
6
Popular People in 1941
7
Popular People in 1986
8
Popular People in 1981
9
Popular People in 1921
10
Popular People in 1976
Explore More
Trending Topics
Crossword
Disney
Marvel
NBA
Kpop
Harry Potter
Anime
Pokémon
WWE
Soccer
Puzzle
Song
Country
The Office
NFL
hide this ad
More By:
sassorobe
Quiz
Plays
Rating
Category
Featured
Created
Secretary of Health and Human Services
123
5.00
History
Mar 30, 2017
Secretary of the Interior
122
5.00
History
Mar 29, 2017
Secretary of Transportation
111
5.00
History
Mar 30, 2017
Secretary of Labor
103
5.00
History
Mar 30, 2017
Secretary of Housing and Urban Development
103
4.50
History
Mar 30, 2017
Go to Creator's Profile
Score Distribution
Quiz Creator Spotlight
sassorobe
Follow
Send a Message
Quizzes Created
-
Created Quiz Play Count
-
More By This Creator
Popular Quizzes Today
1
Colored Red Africa Blitz
2
Find the US States - No Outlines Minefield
3
Find the 'City' Movie
4
5x2 Blitz: Bands
5
The Countries of the World
6
Find the US States
7
Find the Countries of Europe - No Outlines Minefield
8
US States
More History Quizzes
Picture Click: Queen Elizabeth II Through the Decades
Editor's Pick
Trending Quizzes
Colored Red Europe Blitz I
Colored Red Europe Blitz II
Colored Red Africa Blitz II
Colored Red Europe Blitz III
Colored Red Africa Blitz III
Recently Updated
How Do You Spell That?
pecheneg
Godzilla Movies
pecheneg
Grab Bag: 4-10 Letters
pecheneg
2024 March Madness Bracket
pecheneg
Famous TV Couples
Peacemaker
Champions League XIs: Real Madrid
pecheneg
Largest US Cities 1790-2010
pecheneg
Rides in Walt Disney World
pecheneg
Most Oscar Losses (Acting)
pecheneg
Beyoncé Albums
pecheneg
Trending Topics
Harry Potter
Marvel
Crossword
NBA
Kpop
Disney
Anime
Puzzle
Country
Pokémon
Soccer
The Office
NFL
Song
WWE
Your Account Isn't Verified!
In order to create a playlist on Sporcle, you need to verify the email address you used during registration. Go to your
Sporcle Settings
to finish the process.
Report this User
Report this user for behavior that violates our
Community Guidelines
.
Details:
Send Report
Go to the Sporcle.com Mobile Site →
Comments